Hamlet /

Bibliografski detalji
Glavni autor: Shakespeare, William, 1564-1616 (Autor)
Daljnji autori: Prescott, Paul, 1974- (Pridonositelj), Spencer, Terence, 1915 - 1978 (Urednik), Sinfield, Alan
Format: Knjiga
Jezik:English
Izdano: London : Penguin Books, 1980 [reissued 2015].
Serija:Penguin classics.
Teme:
Classic Catalogue: View this record in Classic Catalogue
LEADER 05105nam a22004577a 4500
001 44560
003 BD-DhAAL
005 20250807125716.0
008 250807r20151980enk||||| |||| 00| 0 eng d
020 |a 9780141396507 
020 |a 0141396504 
040 |a BD-DhAAL  |c BD-DhAAL 
082 |a 822.33 
100 |a Shakespeare, William,  |d 1564-1616,  |e author. 
245 |a Hamlet /  |c William Shakespeare ; contributor, Paul Prescott ; editor, T. J. B. Spencer ; Alan Sinfield. 
260 |a London :  |b Penguin Books,  |c 1980 [reissued 2015]. 
300 |a lxxx, 320 pages ;  |c 20 cm 
490 |a Penguin classics 
526 |a ENH  |x Rukhsana Rahim Chowdhury Senior Lecturer Department of English and Humanities BRAC University Course Name : Shakespeare (ENG 217) 
541 |a Book Finder International  |e 44560, 44561, 44562, 44563, 44564, 44565, 44566, 44567, 44568, 44569 
600 |a Shakespeare, William,  |d 1564-1616.  |t Hamlet.  |9 30967 
650 |a Princes  |v Drama.  |9 6236 
650 |a Revenge  |v Drama.  |9 6235 
651 |a Denmark  |v Drama.  |9 6237 
700 |a Prescott, Paul,  |d 1974-  |e contributor.  |9 58979 
700 |a Spencer, Terence,  |d 1915 - 1978,  |e editor.  |9 58980 
700 |a Sinfield, Alan.  |9 58981 
830 |a Penguin classics. 
852 |a Ayesha Abed Library  |c General Stacks 
942 |2 ddc  |c BK 
999 |c 47308  |d 47308 
952 |0 0  |1 0  |2 ddc  |4 0  |6 822_330000000000000_SHA  |7 0  |9 77949  |a BRACUL  |b BRACUL  |c CIR  |d 2025-07-30  |e Book Finder International  |g 500.00  |l 0  |o 822.33 SHA  |p 3010044560  |r 2025-07-30  |t 1  |v 1000.00  |w 2025-07-30  |y 1HOUR  |x Requisitioned by Rukhsana Rahim Chowdhury (Senior Lecturer, Department of English and Humanities, BRAC University) for the course named- "Shakespeare (ENG 217)" 
952 |0 0  |1 0  |2 ddc  |4 0  |6 822_330000000000000_SHA  |7 0  |9 77950  |a BRACUL  |b BRACUL  |c GEN  |d 2025-07-30  |e Book Finder International  |g 500.00  |l 1  |m 27  |o 822.33 SHA  |p 3010044569  |r 2026-05-20  |s 2025-10-25  |t 10  |v 1000.00  |w 2025-07-30  |y BK  |x Requisitioned by Rukhsana Rahim Chowdhury (Senior Lecturer, Department of English and Humanities, BRAC University) for the course named- "Shakespeare (ENG 217)" 
952 |0 0  |1 0  |2 ddc  |4 0  |6 822_330000000000000_SHA  |7 0  |9 77951  |a BRACUL  |b BRACUL  |c GEN  |d 2025-07-30  |e Book Finder International  |g 500.00  |l 6  |m 19  |o 822.33 SHA  |p 3010044565  |q 2026-06-02  |r 2026-04-23  |s 2026-04-23  |t 6  |v 1000.00  |w 2025-07-30  |y BK  |x  Requisitioned by Rukhsana Rahim Chowdhury (Senior Lecturer, Department of English and Humanities, BRAC University) for the course named- "Shakespeare (ENG 217)" 
952 |0 0  |1 0  |2 ddc  |4 0  |6 822_330000000000000_SHA  |7 0  |9 77952  |a BRACUL  |b BRACUL  |c GEN  |d 2025-07-30  |e Book Finder International  |g 500.00  |l 2  |m 11  |o 822.33 SHA  |p 3010044563  |r 2026-05-10  |s 2026-02-18  |t 4  |v 1000.00  |w 2025-07-30  |y BK  |x Requisitioned by Rukhsana Rahim Chowdhury (Senior Lecturer, Department of English and Humanities, BRAC University) for the course named- "Shakespeare (ENG 217)" 
952 |0 0  |1 0  |2 ddc  |4 0  |6 822_330000000000000_SHA  |7 0  |9 77953  |a BRACUL  |b BRACUL  |c GEN  |d 2025-07-30  |e Book Finder International  |g 500.00  |l 2  |m 24  |o 822.33 SHA  |p 3010044568  |r 2026-05-17  |s 2026-03-31  |t 9  |v 1000.00  |w 2025-07-30  |y BK  |x Requisitioned by Rukhsana Rahim Chowdhury (Senior Lecturer, Department of English and Humanities, BRAC University) for the course named- "Shakespeare (ENG 217)" 
952 |0 0  |1 0  |2 ddc  |4 0  |6 822_330000000000000_SHA  |7 0  |9 77954  |a BRACUL  |b BRACUL  |c CIR  |d 2025-07-30  |e Book Finder International  |g 500.00  |l 0  |o 822.33 SHA  |p 3010044561  |r 2025-07-30  |t 2  |v 1000.00  |w 2025-07-30  |y 1HOUR  |x Requisitioned by Rukhsana Rahim Chowdhury (Senior Lecturer, Department of English and Humanities, BRAC University) for the course named- "Shakespeare (ENG 217)" 
952 |0 0  |1 0  |2 ddc  |4 0  |6 822_330000000000000_SHA  |7 0  |9 77955  |a BRACUL  |b BRACUL  |c NEW  |d 2025-07-30  |e Book Finder International  |g 500.00  |l 5  |m 17  |o 822.33 SHA  |p 3010044562  |q 2026-06-02  |r 2026-04-05  |s 2026-04-05  |t 3  |v 1000.00  |w 2025-07-30  |y BK  |x Requisitioned by Rukhsana Rahim Chowdhury (Senior Lecturer, Department of English and Humanities, BRAC University) for the course named- "Shakespeare (ENG 217)" 
952 |0 0  |1 0  |2 ddc  |4 0  |6 822_330000000000000_SHA  |7 0  |9 77956  |a BRACUL  |b BRACUL  |c GEN  |d 2025-07-30  |e Book Finder International  |g 500.00  |l 4  |m 24  |o 822.33 SHA  |p 3010044567  |r 2026-05-10  |s 2026-02-18  |t 8  |v 1000.00  |w 2025-07-30  |y BK  |x Requisitioned by Rukhsana Rahim Chowdhury (Senior Lecturer, Department of English and Humanities, BRAC University) for the course named- "Shakespeare (ENG 217)" 
952 |0 0  |1 0  |2 ddc  |4 0  |6 822_330000000000000_SHA  |7 0  |9 77957  |a BRACUL  |b BRACUL  |c GEN  |d 2025-07-30  |e Book Finder International  |g 500.00  |l 3  |m 5  |o 822.33 SHA  |p 3010044564  |q 2026-04-05  |r 2026-03-02  |s 2026-03-02  |t 5  |v 1000.00  |w 2025-07-30  |y BK  |x Requisitioned by Rukhsana Rahim Chowdhury (Senior Lecturer, Department of English and Humanities, BRAC University) for the course named- "Shakespeare (ENG 217)" 
952 |0 0  |1 0  |2 ddc  |4 0  |6 822_330000000000000_SHA  |7 0  |9 77958  |a BRACUL  |b BRACUL  |c GEN  |d 2025-07-30  |e Book Finder International  |g 500.00  |l 3  |m 19  |o 822.33 SHA  |p 3010044566  |r 2026-04-06  |s 2026-03-03  |t 7  |v 1000.00  |w 2025-07-30  |y BK  |x Requisitioned by Rukhsana Rahim Chowdhury (Senior Lecturer, Department of English and Humanities, BRAC University) for the course named- "Shakespeare (ENG 217)"